| 000 | 00981nam a2200301 i 4500 | ||
|---|---|---|---|
| 003 | DO-SdBNP | ||
| 005 | 20250916102219.0 | ||
| 007 | ta | ||
| 008 | 250901b2025 dr ||||| |||| 00| 0 spa d | ||
| 020 | _a9789945656268 | ||
| 040 |
_aDO-SdBNP _bspa _cBNPHU _erda |
||
| 041 | _aspa | ||
| 082 | 4 |
_aRD861.5 _bA795p _222 |
|
| 100 |
_aArvelo, Genaro, _d1954- _eautor _4aut. _937157 |
||
| 245 | 1 | 0 |
_aPoemas de invierno / _cGenaro Arvelo |
| 250 | _aPrimera edición | ||
| 264 | 1 |
_aSanto Domingo, República Dominicana : _bEditorial Santuario, _c2025. |
|
| 300 |
_a69 páginas ; _c23 cm. |
||
| 336 |
_atexto _btxt _2rdacontent |
||
| 337 |
_asin mediación _bn _2rdamedia |
||
| 338 |
_avolumen _bnc _2rdacarrier |
||
| 500 | _aIncluye datos biográficos del autor en la solapa de la cubierta | ||
| 590 | _aInventariado, 2025/BT | ||
| 650 | 7 |
_aPoesía dominicana _2LEMB |
|
| 650 | 7 |
_aLiteratura dominicana _2LEMB |
|
| 910 | _aBtavárez/Validado. Control de calidad MFF | ||
| 942 |
_2ddc _cLBS1 |
||
| 999 |
_c59854 _d59854 |
||